01203nam a22002057a 4500008004100000020001800041050002100059100005300080245017500133250001900308260003500327300003000362504003200392505040500424650002800829650003200857650003300889700003900922700003600961170403s2017 mx r 001 0 spa d a9786076227374 4aHD6971bF47 20171 aFernández Rodríguez, Carlos Jesúse, autor10aSociología de la empresa, el trabajo y las organizacionesb : un enfoque críticoc / Carlos Jesús Fernández Rodríguez, Rafael Ibañez Rojo, Pedro Romero Balsas a1a. edición  aMéxicob : Alfaomegac, 2017 a325 páginasc ; 23 cm.  aBibliografía (pp.319-325)0 aSociología y sociología de la empresa Empresa y racionalidad en la sociología clásica Industria y organización de la producción. F.W. Taylor, H. Ford y el nacimiento de la sociedad de consumo La escuela de las Relaciones Humanas La era de la gestión racional De la reorganización postfordista hasta nuestros días El nuevo gerencialismo Relaciones laborales Politica social y empresa 4aSOCIOLOGÍA INDUSTRIAL 4aEMPRESASxASPECTOS SOCIALES 4aINDUSTRIAxASPECTOS SOCIALES1 aIbáñez Rojo, Rafael e, autor 1 aRomero Balsas, Pedro e, autor